Регионална библиотека "Любен Каравелов" - Русе

Асен Златаров (Запис номер 183843)

MARC детайли
000 -Лидер
Контролно поле с фиксирана дължина 01547nam a2200337 c 4500
003 - Код на организацията, давaща контролен номер
Контролно поле BLK
005 - Дата и час на последна редакция
Контролно поле 20180422115316.0
008 - Елементи от данни с фиксирана дължина
fixed length control field 180411b bul|||||r ||||||| ||bul||
010 ## - Наследен системен номер
LC control number KNG00192788000
040 ## - Източник на каталожния запис
Идентификатор на билиотеката - собственик на записа BLK
041 ## - Код за език
Код за езика на текст/звукозапис или на отделно заглавие Български
Код за езика КДБФ Български
080 ## - УДК
Текстов определител УДК Химия. Кристалография. Минералогия. Вж и 577.1; 66; 612.015; 631.41
УДК код - определител по УДК 54
УДК определител (092)
УДК - код + определител 54(092)
080 ## - УДК
Текстов определител УДК История на България
УДК код - определител по УДК 94(497.2)
УДК определител (092)
УДК - код + определител 94(497.2)(092)
080 ## - УДК
Текстов определител УДК Български биохимик и общественик (1885-1936)
УДК код - определител по УДК 929 Златаров, Асен Христов
УДК определител
УДК - код + определител 929 Златаров, Асен Христов
100 1# - Редна дума - Автор
Автор Добрев, Господин
Авторска отговорност първи автор
R(LIN) 247443
139 ## - Редно поле
Редна дума Добрев, Господин
Авторски знак До - Д 66
245 10 - Сведения за заглавието
Заглавие Асен Златаров
Подзаглавни данни Личност и творчество
Редно поле (дума) Господин Добрев; послесл. от Светозар Асенов Златаров.
257 ## - Страна на издаване
Страна на създаване/издаване България
260 ## - Област на издателските данни
-- София
Име на издателя, разпространителя и проч. БЗНС
Година на издаване 1988
300 ## - Физическа характеристика
Страници 264 с., 4 л.
Илюстрации и др. ил., портр.
Размери/Мащаб 21 см
380 ## - Жанр
Жанр Естествени науки. Математика
500 ## - Общи забележки
Забележка 7 250 тир. - Библиогр. под линия.
600 14 - Име на лице, използвано като предмет
За него / За нея Златаров, Асен Христов
9 (RLIN) 367215
650 #4 - Допълнително описание по предмет – тема
Основно описание – тема или топоним Златаров, Асен Христов
9 (RLIN) 367215
700 1# - Други автори (авторска отговорност)
Лично име Златаров, Светозар Асенов
Автороска отговорност (Описва отношението между автора и произведението) послесл. от
9 (RLIN) 367266
852 ## - Местоположение
Форматна сигнатура Цб 153011
856 4# - Електронен адрес и достъп
Електронен формат pdf - файл
Път до файла /url/
856 4# - Електронен адрес и достъп
Електронен формат pdf - файл
Път до файла /url/
942 ## - АРТИКУЛИ
Вид на библиотечния материал Книги
Скрит в OPAC Не
944 ## - СЪЗДАВАНЕ И РЕДАКЦИЯ на ЗАПИСА
Създаване/Редакция Създаване
Дата на регистрацията/редакция 13.10.2016
Служител, извършил регистрацията/редакцията Грета_Цуфелде
944 ## - СЪЗДАВАНЕ И РЕДАКЦИЯ на ЗАПИСА
Създаване/Редакция Редакция
Дата на регистрацията/редакция 13.10.2016
Служител, извършил регистрацията/редакцията Грета_Цуфелде
999 ## - СИСТЕМНИ КОНТРОЛНИ НОМЕРА
Koha biblionumber 183843
Koha biblioitemnumber 183843
Наличности
Код за отписване Код за изгубен артикул Източник на класификационната схема Код за повреда Коз за рестрикции Код за отдаване Артикулен № Име на библиотеката - собственик Име на библиотеката, в която се намира в момента Статус (Текущо местоположение) Дата на вписване в системата Местоположение - отдел Цена в лева Инвентарен номер Систематично азбучна сигнатура Баркод Номер на екземпляра Цена в евро Служебна бележка Служебен тип на артикула
  Не е изгубен Universal Decimal Classification Не е повреден без рестрикции ползва се в читалня 317238 Регионална библиотека "Любен Каравелов" Русе Регионална библиотека "Любен Каравелов" Русе Хранилище 1988-01-01 Хранилище 1.83 496422 Цб 153011 120000496422 1 0.94 N: стар фонд Дата: 01.01.1988 Книги
  Не е изгубен Universal Decimal Classification Не е повреден без рестрикции заемане за дома 317239 Регионална библиотека "Любен Каравелов" Русе Регионална библиотека "Любен Каравелов" Русе Заемна - подръчен фонд 1988-01-01 Заемна - подръчен фонд 1.83 501661 П 54(092)/Д 66 120000501661 2 0.94 N: стар фонд Дата: 01.01.1988 Дата инв: 02.02.2018 Бележки инв: П2018 Книги
Изтеглен Не е изгубен Universal Decimal Classification Не е повреден без рестрикции заемане за дома 317240 Регионална библиотека "Любен Каравелов" Русе Регионална библиотека "Любен Каравелов" Русе Заемна - подръчен фонд 1988-01-01 Заемна - подръчен фонд 1.83 501663 П 54(092)/Д 66 501663 3 0.94 N: стар фонд Дата: 01.01.1988 Книги
Vip Innovations Ltd, Rousse, Bulgaria 2025